=LDR 00000nam 2200000 4500 =001 INLIS000000000004363 =005 20130612092630 =008 ***********************************Ind** =035 ##$$0010-061300000004363 =041 ##$$a Ind =082 ##$$a 819.2 =090 ##$$a 819.2, Sej s =245 ##$$a Sejarah pertumbuhan Sastra Indonesia di Jawa Barat / oleh Diana N. Muis [et.al]. -- =260 ##$$a 2000 $b Jakarta : Pusat Pembinaan dan Pengembangan Bahasa =300 ##$$a vii, 120 hlm. ; 21 cm =650 ##$$a Kesusastraan Indonesia - Sejarah Jawa Barat =700 ##$$a Muis, Diana N =850 ##$$a NBPNMAT